000 00214nam a22000857a 4500
008 170612b xxu||||| |||| 00| 0 eng d
100 _aChhibber S. N
_92083
245 _aMathematics -X
260 _aNew Delhi
_bA. B. D
_c2009
999 _c6689
_d6689